Recently Extinct Animals by Picture - Statistics

General Stats
  • This quiz has been taken 57 times
  • The average score is 7 of 15
Answer Stats
Picture Answer % Correct
Dodo
98%
Thylacine
72%
Quagga
65%
Aurochs
48%
Great auk
48%
Passenger pigeon
48%
Barbary lion
39%
Caribbean monk seal
39%
Steller's sea cow
37%
Baiji
35%
Caspian Tiger
33%
Pinta Island tortoise
30%
Arabian ostrich
24%
Mexican grizzly bear
22%
Tarpan
22%
No matching quizzes found
Score Distribution
Percent of People with Each Score
Percentile by Number Answered
Your Score History
You have not taken this quiz